[Event "Langley op"]
[Site "Langley"]
[Date "2018.09.01"]
[Round "1.10"]
[White "Jain, Akash"]
[Black "Gu, Chuyang"]
[Result "0-1"]
[WhiteElo "1161"]
[BlackElo "1880"]
[PlyCount "148"]
[EventDate "2018.09.01"]
[EventType "swiss"]
[EventRounds "6"]
[EventCountry "CAN"]
[SourceTitle "EXT 2022"]
[Source "ChessBase"]
[SourceDate "2021.10.06"]
[SourceVersion "1"]
[SourceVersionDate "2021.10.06"]
[SourceQuality "1"]

1. e4 c5 2. g3 Nc6 3. c4 g6 4. Nc3 Bg7 5. d3 e6 6. Nf3 Nge7 7. Be3 b6 8. d4 cxd4 9. Nxd4 0-0 10. Bg2 Ne5 11. Qe2 Qc7 12. b3 Bb7 13. 0-0 a6 14. Rad1 b5 15. f4 N5c6 16. Rd3 bxc4 17. bxc4 Nb4 18. Rdd1 Rac8 19. a3 Nbc6 20. Na4 Qa5 21. Nxc6 Bxc6 22. Nb6 Rc7 23. e5 Bxg2 24. Kxg2 Rd8 25. a4 Nf5 26. c5 Nxe3+ 27. Qxe3 Bf8 28. Nc4 Qxa4 29. Nd6 Rb8 30. Rd2 Rb3 31. Qd4 Qxd4 32. Rxd4 Rxc5 33. Rf2 a5 34. Ra2 Rb6 35. g4 Bxd6 36. exd6 Kg7 37. Re2 Rb4 38. Red2 Rcc4 39. Rxc4 Rxc4 40. Rb2 Rc6 41. Rb5 Ra6 42. Rb7 Rxd6 43. Ra7 Rd5 44. Kf3 Kf6 45. h4 Ke7 46. Ra8 h5 47. g5 Rd3+ 48. Ke4 Ra3 49. Ra7 Ra1 50. Ra6 a4 51. Ra7 a3 52. Kd3 a2 53. Kc2 Rh1 54. Rxa2 Rh2+ 55. Kb3 Rxa2 56. Kxa2 Kd6 57. Kb3 Kd5 58. Kb4 Ke4 59. Kc5 d5 60. Kd6 d4 61. Ke7 Kf5 62. Kxf7 d3 63. Kg7 d2 64. Kf7 d1Q 65. Kg7 Qd7+ 66. Kh6 Qe8 67. Kh7 Kxf4 68. Kg7 e5 69. Kf6 e4 70. Kg7 e3 71. Kf6 e2 72. Kg7 e1Q 73. Kh6 Qh8+ 74. Kxg6 Qe6# 0-1

[Event "Wch U16"]
[Site "Vung Tau"]
[Date "2008.10.26"]
[Round "7"]
[White "Jain, Akash"]
[Black "Vaarala, Eric"]
[Result "1-0"]
[WhiteElo "2010"]
[BlackElo "1880"]
[PlyCount "107"]
[EventDate "2008.10.20"]
[EventType "swiss"]
[EventRounds "11"]
[EventCountry "VIE"]
[SourceTitle "EXT 2009"]
[Source "ChessBase"]
[SourceDate "2008.11.26"]
[SourceVersion "1"]
[SourceVersionDate "2008.11.26"]
[SourceQuality "1"]

1. d4 d5 2. Nf3 Nf6 3. e3 c6 4. Bd3 Bg4 5. c4 Nbd7 6. h3 Bxf3 7. Qxf3 e6 8. Nc3 Bb4 9. 0-0 0-0 10. a3 Bd6 11. e4 dxe4 12. Nxe4 Nxe4 13. Qxe4 Nf6 14. Qh4 Be7 15. Re1 g6 16. Qf4 Qd6 17. Qxd6 Bxd6 18. Bh6 Rfd8 19. Rad1 Bf8 20. Bg5 Bg7 21. Bc2 h6 22. Be3 Ne8 23. Rd2 Nd6 24. b3 Rd7 25. Red1 Rad8 26. d5 exd5 27. cxd5 Nb5 28. a4 Nc3 29. dxc6 Rxd2 30. Rxd2 Rxd2 31. Bxd2 bxc6 32. Be3 Ne2+ 33. Kf1 Nd4 34. Bd1 Kf8 35. Ke1 Ke7 36. Kd2 Kd6 37. Kd3 c5 38. Kc4 Ne6 39. Bf3 Bd4 40. Bd5 Bxe3 41. fxe3 Nd8 42. e4 f6 43. Kb5 f5 44. Ka6 Ke5 45. Kxa7 fxe4 46. Bc4 e3 47. Kb6 Kd4 48. a5 Nf7 49. Kc7 Ne5 50. Bf1 c4 51. bxc4 Kc5 52. a6 Nc6 53. g3 g5 54. g4 1-0

[Event "Wch U16"]
[Site "Vung Tau"]
[Date "2008.10.24"]
[Round "6"]
[White "Thavandiran, Shiyam"]
[Black "Jain, Akash"]
[Result "1-0"]
[WhiteElo "2338"]
[BlackElo "2010"]
[PlyCount "247"]
[EventDate "2008.10.20"]
[EventType "swiss"]
[EventRounds "11"]
[EventCountry "VIE"]
[SourceTitle "EXT 2009"]
[Source "ChessBase"]
[SourceDate "2008.11.26"]
[SourceVersion "1"]
[SourceVersionDate "2008.11.26"]
[SourceQuality "1"]

1. e4 c6 2. d4 d5 3. f3 dxe4 4. fxe4 e5 5. Nf3 Bg4 6. Bc4 Nd7 7. c3 b5 8. Bb3 Ngf6 9. 0-0 Bd6 10. Be3 0-0 11. Nbd2 Qc7 12. Qe1 Bh5 13. Qh4 Bg6 14. dxe5 Nxe5 15. Nxe5 Bxe5 16. Bc5 Bd6 17. Bd4 Be5 18. Bc5 Bd6 19. Bd4 Be5 20. Rae1 Rfe8 21. Bc2 c5 22. Bxe5 Qxe5 23. Nf3 Qh5 24. Qxh5 Nxh5 25. Nh4 Nf6 26. Nxg6 hxg6 27. e5 Nd7 28. e6 Rxe6 29. Rxe6 fxe6 30. Bxg6 Ne5 31. Be4 Rd8 32. h3 Rd2 33. Rf2 Rd1+ 34. Rf1 Rd2 35. Rf2 Rd1+ 36. Kh2 Re1 37. Bc2 a6 38. Kg3 Nc4 39. Bb3 Na5 40. Bc2 Nc4 41. b3 Ne3 42. Bg6 Nd5 43. Rf7 Re3+ 44. Kh4 Rxc3 45. Ra7 Kf8 46. Rf7+ Kg8 47. g4 c4 48. Ra7 Kf8 49. Rf7+ Kg8 50. Ra7 Kf8 51. bxc4 Rxc4 52. Rxa6 Nc7 53. Ra3 Nd5 54. Rf3+ Rf4 55. Ra3 Ra4 56. Rf3+ Rf4 57. Rb3 Rb4 58. Rd3 Ra4 59. Kg3 Nf4 60. Rf3 e5 61. a3 b4 62. axb4 Rxb4 63. h4 Ke7 64. Bh7 Rb2 65. Ra3 Rg2+ 66. Kf3 Rh2 67. Ra7+ Kf6 68. Ra6+ Ke7 69. Ra7+ Kf6 70. Ra6+ Ke7 71. h5 Nxh5 72. gxh5 Rxh5 73. Bg6 Rh4 74. Be4 Rf4+ 75. Ke3 Rh4 76. Bd5 Rh6 77. Ra7+ Kf6 78. Rf7+ Kg6 79. Re7 Kf5 80. Rxg7 Rh3+ 81. Kf2 e4 82. Re7 Rh4 83. Ke3 Rh3+ 84. Ke2 Rh2+ 85. Ke3 Rh3+ 86. Kf2 Rh4 87. Re8 Rf4+ 88. Ke3 Rf3+ 89. Ke2 Rf4 90. Bc4 Rh4 91. Ke3 Rh1 92. Rf8+ Ke5 93. Re8+ Kf5 94. Be2 Rh3+ 95. Kd4 Ra3 96. Rf8+ Ke6 97. Bc4+ Kd6 98. Rf6+ Ke7 99. Re6+ Kd7 100. Rxe4 Ra1 101. Rh4 Re1 102. Rh7+ Re7 103. Rh6 Rg7 104. Be6+ Kd6 105. Bf5+ Ke7 106. Ke5 Kd8 107. Ra6 Rb7 108. Kd6 Rd7+ 109. Ke6 Rb7 110. Ra8+ Kc7 111. Ke7 Kc6+ 112. Ke6 Kc5 113. Ke5 Kc4 114. Ra1 Rb5+ 115. Ke4 Rc5 116. Be6+ Kb4 117. Kd4 Rc7 118. Rb1+ Ka5 119. Bd5 Rc2 120. Bf7 Rc7 121. Be8 Rc8 122. Bd7 Rd8 123. Kc5 Rc8+ 124. Bc6 1-0

[Event "Wch U16"]
[Site "Vung Tau"]
[Date "2008.10.20"]
[Round "1"]
[White "Pascua, Haridas"]
[Black "Jain, Akash"]
[Result "1-0"]
[WhiteElo "2307"]
[BlackElo "2010"]
[PlyCount "67"]
[EventDate "2008.10.20"]
[EventType "swiss"]
[EventRounds "11"]
[EventCountry "VIE"]
[SourceTitle "EXT 2009"]
[Source "ChessBase"]
[SourceDate "2008.11.26"]
[SourceVersion "1"]
[SourceVersionDate "2008.11.26"]
[SourceQuality "1"]

1. d4 Nf6 2. c4 c5 3. d5 e6 4. Nc3 exd5 5. cxd5 d6 6. Nf3 g6 7. Nd2 Bg7 8. Nc4 0-0 9. g3 Na6 10. Bg2 Nc7 11. a4 b6 12. 0-0 Ba6 13. Na3 Qe7 14. Re1 h6 15. e4 Rad8 16. Nab5 Qd7 17. Bf1 Bxb5 18. axb5 a6 19. bxa6 b5 20. Ra5 Rb8 21. e5 dxe5 22. d6 b4 23. Na4 Ncd5 24. Nxc5 Qxd6 25. Nb7 Qe6 26. Qb3 Nc7 27. Qxe6 Nxe6 28. Raxe5 Ng4 29. R5e4 h5 30. h3 Nf6 31. Rxb4 Nd5 32. Ra4 Nb6 33. Ra5 Nc4 34. Bxc4 1-0

[Event "GBR-ch Major op 95th"]
[Site "Liverpool"]
[Date "2008.08.01"]
[Round "5"]
[White "Jain, Akash"]
[Black "Sathyanandha, Senthuran"]
[Result "1-0"]
[WhiteElo "2005"]
[BlackElo "1786"]
[PlyCount "31"]
[EventDate "2008.07.28"]
[EventType "swiss"]
[EventRounds "11"]
[EventCountry "ENG"]
[SourceTitle "CBM 125 Extra"]
[Source "ChessBase"]
[SourceDate "2008.09.01"]
[SourceVersion "1"]
[SourceVersionDate "2008.09.01"]
[SourceQuality "1"]

1. e4 e6 2. d4 d5 3. Nd2 dxe4 4. Nxe4 Nd7 5. Nf3 Ngf6 6. Nxf6+ Nxf6 7. c3 Be7 8. Ne5 Nd7 9. Qg4 Bf6 10. Bf4 g6 11. 0-0-0 0-0 12. h4 h5 13. Qf3 Bg7 14. g4 hxg4 15. Nxg4 Nf6 16. Bg5 1-0

[Event "Blackpool op 32nd"]
[Site "Blackpool"]
[Date "2008.03.08"]
[Round "3"]
[White "Jain, Akash"]
[Black "Kilpatrick, Callum"]
[Result "1/2-1/2"]
[WhiteElo "1996"]
[BlackElo "2201"]
[PlyCount "125"]
[EventDate "2008.03.07"]
[EventType "swiss"]
[EventRounds "5"]
[EventCountry "ENG"]
[SourceTitle "CBM 123 Extra"]
[Source "ChessBase"]
[SourceDate "2008.05.06"]
[SourceVersion "1"]
[SourceVersionDate "2008.05.06"]
[SourceQuality "1"]

1. e4 e5 2. Nf3 Nc6 3. Bb5 a6 4. Ba4 Nf6 5. 0-0 Be7 6. Re1 b5 7. Bb3 d6 8. c3 0-0 9. h3 Na5 10. Bc2 c5 11. d4 Qc7 12. d5 Bd7 13. b3 Nb7 14. Nbd2 Rfe8 15. Nf1 g6 16. Be3 Bf8 17. Qd2 Bg7 18. Ng3 Qd8 19. Bh6 Qe7 20. Qg5 Bxh6 21. Qxh6 Qf8 22. Qe3 Kg7 23. Rf1 Qe7 24. Nh2 Ng8 25. Qe2 Qg5 26. Qe3 Qxe3 27. fxe3 Rec8 28. Rfc1 c4 29. b4 a5 30. a3 Ra7 31. Ra2 Rca8 32. Rca1 Ne7 33. Nf3 Nc8 34. Ne2 Nb6 35. Nd2 f6 36. Kh2 Nd8 37. g4 Nf7 38. Kg3 Nh6 39. Kh2 Ng8 40. Nf3 Ne7 41. Nh4 Ra6 42. Bb1 R8a7 43. Kh1 h5 44. gxh5 g5 45. Nf5+ Nxf5 46. exf5 Nxd5 47. e4 Ne7 48. Ng3 Bc6 49. Kg1 d5 50. Kf2 axb4 51. axb4 Rxa2+ 52. Rxa2 Rxa2+ 53. Bxa2 Nc8 54. exd5 Bxd5 55. Bb1 Nd6 56. Bc2 Kh6 57. Bd1 Be4 58. Bg4 Kg7 59. Ke3 Bg2 60. Kf2 Bd5 61. Ke3 Bg2 62. Kf2 Bc6 63. Ke3 1/2-1/2

[Event "Hastings Masters op 83rd"]
[Site "Hastings"]
[Date "2008.01.05"]
[Round "9"]
[White "Jain, Akash"]
[Black "McClement, Andrew"]
[Result "1-0"]
[WhiteElo "2000"]
[BlackElo "1594"]
[PlyCount "69"]
[EventDate "2007.12.28"]
[EventType "swiss"]
[EventRounds "10"]
[EventCountry "ENG"]
[SourceTitle "CBM 122 Extra"]
[Source "ChessBase"]
[SourceDate "2008.03.04"]
[SourceVersion "1"]
[SourceVersionDate "2008.03.04"]
[SourceQuality "1"]

1. e4 c5 2. Nf3 d6 3. Bb5+ Bd7 4. Bxd7+ Qxd7 5. c4 Nc6 6. d4 cxd4 7. Nxd4 Nf6 8. Nc3 g6 9. f3 Bg7 10. Be3 0-0 11. b3 a6 12. a4 Rfd8 13. Rc1 b6 14. 0-0 Rab8 15. Qd2 Ne8 16. Nd5 Rb7 17. Nxc6 Qxc6 18. Bxb6 Rdd7 19. a5 e6 20. Ne3 Nc7 21. Rb1 Rd8 22. b4 Rdb8 23. Rfc1 Na8 24. b5 axb5 25. cxb5 Qd7 26. Nc4 Nxb6 27. Nxb6 Rxb6 28. axb6 Rxb6 29. Qd3 Be5 30. g3 Qa7 31. Kg2 Qa2+ 32. Qc2 Qa5 33. Qc4 Qd2+ 34. Kh1 Qf2 35. Rb3 1-0

[Event "GBR-ch 94th"]
[Site "Great Yarmouth"]
[Date "2007.08.09"]
[Round "10"]
[White "Jain, Akash"]
[Black "Wilson, Alexandra"]
[Result "0-1"]
[WhiteElo "2002"]
[BlackElo "2066"]
[PlyCount "108"]
[EventDate "2007.07.30"]
[EventType "swiss"]
[EventRounds "11"]
[EventCountry "ENG"]
[SourceTitle "CBM 119 Extra"]
[Source "ChessBase"]
[SourceDate "2007.09.04"]
[SourceVersion "1"]
[SourceVersionDate "2007.09.04"]
[SourceQuality "1"]

1. e4 e6 2. d4 d5 3. Nc3 Bb4 4. e5 c5 5. Bd2 cxd4 6. Nb5 Be7 7. Qg4 g6 8. Nxd4 Nc6 9. Ngf3 Qb6 10. Nb3 Bd7 11. c3 a5 12. Be3 Qc7 13. Be2 h5 14. Qf4 Nh6 15. Nbd4 Nxd4 16. Nxd4 g5 17. Qf3 Qxe5 18. Nc6 Bxc6 19. Bd4 g4 20. Qd3 Qg5 21. Bxh8 e5 22. h4 gxh3 23. Rxh3 Qxg2 24. Rg3 Qh1+ 25. Bf1 Ng4 26. Qh7 Bb5 27. 0-0-0 Bxf1 28. Rxg4 0-0-0 29. Bxe5 Qf3 30. Rf4 Qe2 31. Qf5+ Rd7 32. Rfd4 Bg2 33. c4 Be4 34. Rxe4 Qxe4 35. Qxh5 dxc4 36. Qh8+ Bd8 37. Qh3 f5 38. Rxd7 Kxd7 39. Qc3 Bg5+ 40. Kd1 Ke6 41. Bc7 Bf6 42. Qc2 Qd4+ 43. Kc1 a4 44. Ba5 Bg5+ 45. Kb1 Qd3 46. b3 axb3 47. axb3 Qxb3+ 48. Qxb3 cxb3 49. Kb2 Kd5 50. Kxb3 Ke4 51. Kc4 Bh4 52. Bb6 f4 53. Kb5 Kf3 54. Be3 Bxf2 0-1

[Event "GBR-ch 94th"]
[Site "Great Yarmouth"]
[Date "2007.08.06"]
[Round "7"]
[White "Armstrong, Malcolm J"]
[Black "Jain, Akash"]
[Result "0-1"]
[WhiteElo "2126"]
[BlackElo "2002"]
[PlyCount "74"]
[EventDate "2007.07.30"]
[EventType "swiss"]
[EventRounds "11"]
[EventCountry "ENG"]
[SourceTitle "CBM 119 Extra"]
[Source "ChessBase"]
[SourceDate "2007.09.04"]
[SourceVersion "1"]
[SourceVersionDate "2007.09.04"]
[SourceQuality "1"]

1. d4 Nf6 2. Nf3 e6 3. c4 c5 4. d5 d6 5. Nc3 exd5 6. cxd5 g6 7. e4 a6 8. a4 Bg4 9. Be2 Bxf3 10. Bxf3 Bg7 11. 0-0 0-0 12. Bf4 Qe7 13. Qd2 Re8 14. g3 Nbd7 15. Bg5 Ne5 16. Be2 Qc7 17. h3 c4 18. f4 Ned7 19. Bf3 b5 20. axb5 axb5 21. Rxa8 Rxa8 22. Kg2 Qb6 23. e5 dxe5 24. fxe5 Nxe5 25. d6 Rd8 26. Qf4 Nd3 27. Qh4 Rxd6 28. Bxf6 Bxf6 29. Qe4 Bxc3 30. Qe8+ Kg7 31. bxc3 Re6 32. Qa8 Ne1+ 33. Kh2 Nxf3+ 34. Qxf3 Rf6 35. Qe2 Rxf1 36. Qxf1 Qe3 37. Kg2 Qxc3 0-1

[Event "GBR-ch 94th"]
[Site "Great Yarmouth"]
[Date "2007.08.04"]
[Round "6"]
[White "Jain, Akash"]
[Black "Grigoryan, Meri"]
[Result "1-0"]
[WhiteElo "2002"]
[BlackElo "2048"]
[PlyCount "131"]
[EventDate "2007.07.30"]
[EventType "swiss"]
[EventRounds "11"]
[EventCountry "ENG"]
[SourceTitle "CBM 119 Extra"]
[Source "ChessBase"]
[SourceDate "2007.09.04"]
[SourceVersion "1"]
[SourceVersionDate "2007.09.04"]
[SourceQuality "1"]

1. e4 e5 2. Nf3 Nc6 3. Bb5 f5 4. d3 fxe4 5. dxe4 Nf6 6. 0-0 Bc5 7. Qe2 Nd4 8. Nxd4 Bxd4 9. c3 Bb6 10. a4 c6 11. Bc4 Qe7 12. Bg5 d6 13. Nd2 Be6 14. a5 Bc7 15. f4 exf4 16. Bxf4 0-0 17. e5 dxe5 18. Bxe5 Bxc4 19. Qxc4+ Nd5 20. Bxc7 Qxc7 21. Rxf8+ Rxf8 22. Nf3 a6 23. Qe4 Nf6 24. Qe6+ Qf7 25. Re1 Qxe6 26. Rxe6 Rd8 27. Kf2 Kf8 28. h3 Rd5 29. Re5 Rxe5 30. Nxe5 Ke7 31. Ke3 Ke6 32. Nd3 Kd5 33. b3 c5 34. c4+ Kd6 35. Kf4 Ng8 36. Ne5 Ne7 37. Nf7+ Kd7 38. g3 Ng6+ 39. Ke4 Ne7 40. h4 h5 41. Kf4 Ng8 42. Ke5 Ne7 43. Ke4 g6 44. Kf4 b6 45. axb6 Kc6 46. Kg5 Kxb6 47. Ne5 Nf5 48. Nxg6 Nxg3 49. Nf4 Ka5 50. Nd5 Nf5 51. b4+ cxb4 52. Kxf5 b3 53. Ke4 b2 54. Nc3 Kb4 55. Kd4 a5 56. c5 a4 57. c6 a3 58. c7 b1Q 59. Nxb1 a2 60. c8Q a1Q+ 61. Qc3+ Qxc3+ 62. Nxc3 Ka5 63. Ke5 Kb4 64. Ne4 Kc4 65. Kf5 Kd5 66. Ng3 1-0

[Event "GBR-ch 94th"]
[Site "Great Yarmouth"]
[Date "2007.08.01"]
[Round "3"]
[White "Anderton, Matthew"]
[Black "Jain, Akash"]
[Result "1/2-1/2"]
[WhiteElo "2229"]
[BlackElo "2002"]
[PlyCount "42"]
[EventDate "2007.07.30"]
[EventType "swiss"]
[EventRounds "11"]
[EventCountry "ENG"]
[SourceTitle "CBM 119 Extra"]
[Source "ChessBase"]
[SourceDate "2007.09.04"]
[SourceVersion "1"]
[SourceVersionDate "2007.09.04"]
[SourceQuality "1"]

1. e4 c5 2. Nf3 e6 3. c3 Nf6 4. e5 Nd5 5. Bc4 d6 6. d4 cxd4 7. cxd4 Be7 8. 0-0 0-0 9. exd6 Qxd6 10. Nc3 Nxc3 11. bxc3 Nd7 12. Re1 Nf6 13. Bb3 b6 14. Ne5 Bb7 15. c4 Rfd8 16. Bb2 Qc7 17. Qd3 Bd6 18. Qh3 Be4 19. Qh4 Qb7 20. Re3 Be7 21. Rae1 Bf5 1/2-1/2

[Event "Hastings Masters op 82nd"]
[Site "Hastings"]
[Date "2006.12.31"]
[Round "4"]
[White "Jain, Akash"]
[Black "Vrban, Damir"]
[Result "1/2-1/2"]
[WhiteElo "2036"]
[BlackElo "2130"]
[PlyCount "26"]
[EventDate "2006.12.28"]
[EventType "swiss"]
[EventRounds "9"]
[EventCountry "ENG"]
[SourceTitle "CBM 116 Extra"]
[Source "ChessBase"]
[SourceDate "2007.03.07"]
[SourceVersion "1"]
[SourceVersionDate "2007.03.07"]
[SourceQuality "1"]

1. e4 c5 2. Nf3 Nf6 3. Nc3 Nc6 4. d4 d5 5. exd5 Nxd5 6. Nxd5 Qxd5 7. Be3 cxd4 8. Nxd4 a6 9. Qf3 Qxf3 10. Nxf3 e5 11. Bc4 Be7 12. 0-0-0 0-0 13. Bb6 Kh8 1/2-1/2

[Event "BCF-chT2 0607 (4NCL)"]
[Site "Sunningdale"]
[Date "2006.09.17"]
[Round "2.8"]
[White "Jain, Akash"]
[Black "Norman, Dinah M"]
[Result "1/2-1/2"]
[WhiteElo "1955"]
[BlackElo "2003"]
[PlyCount "83"]
[EventDate "2006.09.16"]
[EventType "team"]
[EventRounds "11"]
[EventCountry "ENG"]
[SourceTitle "CBM 115 Extra"]
[Source "ChessBase"]
[SourceDate "2007.01.10"]
[SourceVersion "1"]
[SourceVersionDate "2007.01.10"]
[SourceQuality "1"]
[WhiteTeam "Slough Sharks II"]
[BlackTeam "Wessex"]
[WhiteTeamCountry "ENG"]
[BlackTeamCountry "ENG"]

1. e4 c6 2. d4 d5 3. Nc3 dxe4 4. Nxe4 Nd7 5. Ng5 Ngf6 6. Bd3 e6 7. N1f3 Bd6 8. Qe2 h6 9. Ne4 Nxe4 10. Bxe4 Nf6 11. Bd3 c5 12. 0-0 Bd7 13. Rd1 Qc7 14. b3 cxd4 15. Bb2 0-0 16. Bxd4 Be7 17. Ne5 Bc6 18. Nxc6 Qxc6 19. a4 a6 20. a5 Rac8 21. Ra4 Rfd8 22. Rc4 Qe8 23. Rxc8 Rxc8 24. Bxf6 Bxf6 25. Qe4 Rc7 26. f4 Qc8 27. Qh7+ Kf8 28. Qh8+ Ke7 29. Qxc8 Rxc8 30. Be4 Rc7 31. Rd3 Bc3 32. Bxb7 Bxa5 33. Bxa6 Bb6+ 34. Kh1 Rxc2 35. Rd1 Be3 36. g3 Rc1 37. Rxc1 Bxc1 38. Kg2 Bd2 39. Kf3 Kd6 40. Ke4 Bb4 41. g4 Bd2 42. h3 1/2-1/2